White spots, black spots : difficult matters in Polish-Russian relations, 1918-2008 /

Poland and Russia have a long relationship that encompasses centuries of mutual antagonism, war and conquest. The twentieth century has been particularly intense, including world wars, revolution, massacres, national independence and decades of communist rule for both countries. Since the collapse o...

Full description

Bibliographic Details
Uniform Title:Białe plamy--czarne plamy.
Corporate Author: Polsko-Rosyjska Grupa do Spraw Trudnych
Other Authors: Rotfeld, Adam Daniel, Torkunov, A. V. (Anatoliĭ Vasilʹevich), 1950-
Format: Book
Language:English
Published: Pittsburgh : University of Pittsburgh Press, [2015]
Series:Series in Russian and East European studies.
Subjects:

MARC

Tag First Indicator Second Indicator Subfields
LEADER 00000cam a2200000 i 4500
001 in00003582021
005 20170928132849.0
008 141213t20152015pau 001 0 eng d
020 |a 9780822944409 
020 |a 0822944405 
035 |a (OCoLC)ocn898165617 
040 |a BTCTA  |e rda  |c BTCTA  |d BDX  |d YDX  |d BWK  |d IQU  |d UtOrBLW 
043 |a e-pl---  |a e-ur---  |a e-ru--- 
049 |a TXAM 
050 4 |a DK4185.S65  |b B4513 2015 
130 0 |a Białe plamy--czarne plamy.  |l English.  |0 http://id.loc.gov/authorities/names/no2016050731 
245 1 0 |a White spots, black spots :  |b difficult matters in Polish-Russian relations, 1918-2008 /  |c edited by Adam Daniel Rotfeld & Anatoly V. Torkunov. 
246 3 0 |a Difficult matters in Polish-Russian relations, 1918-2008 
264 1 |a Pittsburgh :  |b University of Pittsburgh Press,  |c [2015] 
264 4 |c ©2015 
300 |a xi, 666 pages ;  |c 25 cm. 
336 |a text  |b txt  |2 rdacontent 
337 |a unmediated  |b n  |2 rdamedia 
338 |a volume  |b nc  |2 rdacarrier 
490 1 |a Pitt series in Russian and East European studies 
500 |a Abridged translation of: Białe plamy-czarne plamy : sprawy trudne w polsko-rosyjskich stosunkach 1918-2008 / Polsko-Rosyjska Grupa do Spraw Trudnych ; pod redakcją Adama Daniela Rotfelda i Anatolija W. Torkunowa. Warszawa : PISM, 2010. Published simultaneously in Russian as: Belye pi︠a︡tna--chernye pi︠a︡tna : slozhnye voprosy v rossiĭsko-polʹskikh otnoshenii︠a︡kh. Moskva : Aspekt Press, 2010. 
500 |a "This abridged English edition contains mainly the summaries of the original Polish and Russian studies with the understanding that the professional readers will consult . the original editions for all notes and source information, including the chapter on bibliography that is omitted in the English edition"--Page x. 
500 |a Includes index. 
505 0 |a Introduction: in search of the truth : a brief history of the Polish-Russian Group on Difficult Matters / Adam Daniel Rotfeld and Anatoly V. Torkunov -- The beginnings : Polish-Soviet relations, 1917-1921 / Daria Nałęcz and Tomasz Nałęcz (Poland), Gennady F. Matveyev (Russia) -- The interwar period : Poland and the Soviet Union in the late 1920s and early 1930s / Wojciech Materski (Poland), Aleksandr V. Revyakin (Russia) -- The causes of World War II : Poland, the Soviet Union, and the crisis of the Versailles system / Sławomir Dębski (Poland), Mikhail M. Narinsky (Russia) -- Poland between the Soviet Union and Germany, 1939-1941 : the Red Army invasion and the fourth partition of Poland / Albin Głowacki (Poland), Natalia S. Lebedeva (Russia) -- The Katyn Massacre : the process of revealing the truth and commemorating the victims / Andrzej Przewoźnik (Poland), Natalia S. Lebedeva (Russia) -- World War II, 1941-1945 : politics and its consequences / Wojciech Materski (Poland), Valentina S. Parsadanova (Russia) -- The postwar decade, 1945-1955 : victory and enslavement / Włodzimierz Borodziej (Poland), Albina F. Noskova (Russia) -- The thaw : the Twentieth Congress of the Soviet Communist Party, the Polish October, and the struggle for autonomy / Andrzej Paczkowski (Poland), Nikolai I. Bukharin (Russia) -- The dissident movement : the way to freedom in culture / Jerzy Pomianowski (Poland), Andrei V. Vorobyov and Aleksandr V. Shubin (Russia) -- The Soviets and the Polish crisis : the road to martial law, 1980-1981 / Andrzej Paczkowski (Poland), Inessa S. Yazhborovskaya (Russia) -- Regained freedom and sovereignty : transformation processes in Poland and Russia / Włodzimierz Marciniak (Poland), Vladimir G. Baranovsky and Boris A. Shmelyov (Russia) -- Assistance or exploitation? economic relations between Poland and the Soviet Union / Janusz Kaliński (Poland), Leonid B. Vardomsky (Russia) -- Russia versus sovereign Poland : political relations between Poland and Russia since 1990 / Katarzyna Pełczyńska-Nałęcz (Poland), Artem V. Malgin (Russia) -- Continuity and change : the mutual perceptions of Poles and Russians / Andrzej Grajewski (Poland), Nikolai I. Bukharin (Russia) -- Heritage in archives : displaced collections and access to archives / Władysław Stępniak (Poland), Vladimir P. Kozlov (Russia) -- Appendix A. Reports on sessions of the Group on Difficult Matters -- Appendix B. The letter of the co-chairs of the Group on Difficult Matters to the Foreign Ministers of Poland and Russia. 
520 |a Poland and Russia have a long relationship that encompasses centuries of mutual antagonism, war and conquest. The twentieth century has been particularly intense, including world wars, revolution, massacres, national independence and decades of communist rule for both countries. Since the collapse of communism, historians in both countries have struggled to come to grips with this difficult legacy. This pioneering study, prepared by the officially sanctioned Polish-Russian Group on Difficult Matters, is a comprehensive effort to document and fully disclose the major conflicts and interrelations between the two nations from 1918 to 2008, events that have often been avoided or presented with a strong political bias. This is the English translation of this major study, which has received acclaim for its Polish and Russian editions. The chapters offer parallel histories by prominent Polish and Russian scholars who recount each country's version of the event in question. Among the topics discussed are the 1920 Polish-Russian war, the origins of World War II and the notorious Hitler-Stalin pact, the infamously shrouded Katyn massacre, the communization of Poland, Cold War relations, the Solidarity movement and martial law and the renewed relations of contemporary Poland and Russia. 
651 0 |a Poland  |x Foreign relations  |z Soviet Union.  |0 http://id.loc.gov/authorities/subjects/sh2008116603 
651 0 |a Soviet Union  |x Foreign relations  |z Poland.  |0 http://id.loc.gov/authorities/subjects/sh2008117081 
651 0 |a Poland  |x Foreign relations  |z Russia (Federation) 
651 0 |a Russia (Federation)  |x Foreign relations  |z Poland. 
651 0 |a Poland  |x Relations  |z Russia (Federation) 
651 0 |a Russia (Federation)  |x Relations  |z Poland. 
651 0 |a Poland  |x History  |y 20th century.  |0 http://id.loc.gov/authorities/subjects/sh85104090 
651 0 |a Soviet Union  |x History.  |0 http://id.loc.gov/authorities/subjects/sh85125764 
651 0 |a Russia (Federation)  |x History  |y 20th century. 
700 1 |a Rotfeld, Adam Daniel.  |0 http://id.loc.gov/authorities/names/n84095011 
700 1 |a Torkunov, A. V.  |q (Anatoliĭ Vasilʹevich),  |d 1950-  |0 http://id.loc.gov/authorities/names/n79147067 
710 2 |a Polsko-Rosyjska Grupa do Spraw Trudnych.  |0 http://id.loc.gov/authorities/names/no2011017698 
830 0 |a Series in Russian and East European studies.  |0 http://id.loc.gov/authorities/names/n84749108 
945 |a PromptCat  |b 289315 
946 |a stk 
947 |a A14842892524 
948 |a cataloged  |b h  |c 2015/8/21  |d c  |e dmitchel  |f 8:30:20 am 
994 |a C0  |b TXA 
999 f f |s d0f7ce12-a603-3a6e-8c27-7061e6020223  |i 26fff277-1309-3335-a8cc-bb7f35e609d4  |t 0 
952 f f |p normal  |a Texas A&M University  |b College Station  |c Sterling C. Evans Library  |d Evans: Library Stacks  |t 0  |e DK4185.S65 B4513 2015  |h Library of Congress classification  |i unmediated -- volume  |m A14842892524 
998 f f |a DK4185.S65 B4513 2015  |t 0  |l Evans: Library Stacks